000 00887nam a22002417a 4500
005 20240530110351.0
008 141222s2009 ua op f 000 0 ara d
017 _a2009/20017
_bمصر . دار الكتب المصرية
020 _a9789772719362
040 _aEG-CaGPL
041 0 _aara
082 0 4 _221
_a749.7\
_bإ م
100 0 _aابراهيم مرزوق
245 1 0 _aموسوعة الاطارات و البراويز المبتكرة :
_b64 فكرة لصناعة بروازك بنفسك /
_cاعداد ابراهيم مرزوق
250 _aط1
260 _aالقاهرة :
_bمكتبة ابن سيناء للنشر و التوزيع ،
_c2009
300 _a191 ص :
_bصور ؛
_c28 سم
650 0 4 _aالبراويز المعدنية
650 0 4 _aالبراويز
650 0 4 _aالصور
942 _2ddc
_cBK
999 _c60064
_d60064